Cestovní náhrady 2012 - odpovědi na dotazy
Odpovede na najčastejšie otázky ekonómov a účtovníkov na problematiku cestovných náhrad.
Saved in:
| Main Author: | |
|---|---|
| Format: | Book Chapter |
| Language: | Czech |
| Subjects: | |
| Tags: |
No Tags, Be the first to tag this record!
|
MARC
| LEADER | 00000naa a2200000 4500 | ||
|---|---|---|---|
| 001 | 0157822 | ||
| 005 | 20230925094019.4 | ||
| 041 | 0 | |a cze | |
| 044 | |a CZ | ||
| 245 | 1 | 0 | |a Cestovní náhrady 2012 - odpovědi na dotazy |c Pfeilerová Jaroslava |
| 520 | |a Odpovede na najčastejšie otázky ekonómov a účtovníkov na problematiku cestovných náhrad. | ||
| 610 | 2 | 0 | |a náhrada cestovného |
| 610 | 2 | 0 | |a cesty pracovné |
| 610 | 2 | 0 | |a zamestnanci |
| 610 | 2 | 0 | |a zamestnávatelia |
| 610 | 2 | 0 | |a zákonník práce |
| 610 | 2 | 0 | |a novelizácia |
| 610 | 2 | 0 | |a predpisy právne |
| 100 | 1 | |a Pfeilerová, Jaroslava | |